000 00320nam a2200121Ia 4500
008 190216s9999||||xx |||||||||||||| ||und||
100 _aChangampuzha Krishan Pillai
245 0 _aEdapalli Raghava Pillaiude Krithikal
260 _bMangalodhayam Publications
_c1963
300 _a287p
650 _aKavithkal
942 _cBK
999 _c24173
_d24173